| 000 | 00782nam a22002177a 4500 | ||
|---|---|---|---|
| 999 |
_c12648 _d12648 |
||
| 003 | AR-CdUCM | ||
| 008 | 190409b ||||| |||| 00| 0 spa d | ||
| 040 |
_aMUNICIPALIDAD PROVINCIAL DEL CUSCO _cBIBLIOTECA MUNICIPAL DEL CUSCO |
||
| 082 |
_a869.81 / _bR73 / 1927 |
||
| 100 |
_aRodo, José Enrique _93067 |
||
| 245 |
_aNuevos motivos de proteo : _bTodo se trata de parábolas Marcos, IV, II / |
||
| 260 |
_aBarcelona _bCervantes, _c1927. |
||
| 300 |
_a74 páginas ; _c19 cm. |
||
| 505 | _aContenido : Prologo -- De los nuevos motivos de proteo -- Albatros -- La estatua de cesárea ... | ||
| 650 |
_aParábolas _93628 |
||
| 650 |
_aLiteratura _983 |
||
| 650 |
_aEspañola _924066 |
||
| 700 |
_aClavel, Vicente (Prologo) _930593 |
||
| 942 |
_2ddc _cLIBROS |
||
| 945 |
_arah _d09/04/2019 |
||